<?xml version="1.0" encoding="UTF-8"?>
<collection xmlns="http://www.loc.gov/MARC21/slim">
 <record>
  <leader>01686nam a2200217Ia 4500</leader>
  <controlfield tag="001">CTU_239400</controlfield>
  <controlfield tag="008">210402s9999    xx            000 0 und d</controlfield>
  <datafield tag="082" ind1=" " ind2=" ">
   <subfield code="a">519.287</subfield>
  </datafield>
  <datafield tag="082" ind1=" " ind2=" ">
   <subfield code="b">Đ108</subfield>
  </datafield>
  <datafield tag="088" ind1=" " ind2=" ">
   <subfield code="a">8460106</subfield>
  </datafield>
  <datafield tag="100" ind1=" " ind2=" ">
   <subfield code="a">Phan, Thị Anh Đào</subfield>
  </datafield>
  <datafield tag="245" ind1=" " ind2="0">
   <subfield code="a">Mô hình Markov ẩn: ước lượng, mô phỏng và ứng dụng :</subfield>
  </datafield>
  <datafield tag="245" ind1=" " ind2="0">
   <subfield code="b">Luận văn tốt nghiệp cao học ngành: Lý thuyết xác suất và Thống kê toán học</subfield>
  </datafield>
  <datafield tag="245" ind1=" " ind2="0">
   <subfield code="c">Phan Thị Anh Đào ; Trần Văn Lý (cán bộ hướng dẫn)</subfield>
  </datafield>
  <datafield tag="260" ind1=" " ind2=" ">
   <subfield code="a">Cần Thơ</subfield>
  </datafield>
  <datafield tag="260" ind1=" " ind2=" ">
   <subfield code="b">Trường Đại học Cần Thơ</subfield>
  </datafield>
  <datafield tag="260" ind1=" " ind2=" ">
   <subfield code="c">2020</subfield>
  </datafield>
  <datafield tag="520" ind1=" " ind2=" ">
   <subfield code="a">Luận văn hệ thống hoá các vấn đề liên quan đến mô hình Markov ẩn, xem xét khả năng mô hình hoá quá trình giá cổ phiếu bằng mô hình Markov ẩn và đề xuất mô hình Markov ẩn trong phân tích biến động giá cổ phiếu. Luận văn sử dụng giải thuật EM để ước lượng các tham số của mô hình, tạo dữ liệu mô phỏng từ mô hình với các tham số ước lượng được, đồng thời kiểm định phân phối giữa dữ liệu thực với dữ liệu mô phỏng, dùng dữ liệu mô phỏng để dự đoán chuỗi giá cổ phiếu 10 ngày tiếp theo với sự hỗ trợ của phần mềm Matlab.</subfield>
  </datafield>
  <datafield tag="650" ind1=" " ind2=" ">
   <subfield code="a">Quá trình Markov,Markov processes</subfield>
  </datafield>
  <datafield tag="910" ind1=" " ind2=" ">
   <subfield code="c">Qhieu</subfield>
  </datafield>
  <datafield tag="980" ind1=" " ind2=" ">
   <subfield code="a">Trung tâm Học liệu Trường Đại học Cần Thơ</subfield>
  </datafield>
 </record>
</collection>
